Joyce and the two Irelands (Record no. 35613)
[ view plain ]
| 000 -LEADER | |
|---|---|
| fixed length control field | 01687nam a2200433Ia 4500 |
| 100 1# - MAIN ENTRY--AUTHOR NAME | |
| Personal name | Potts, Willard, |
| 245 10 - TITLE STATEMENT | |
| Title | Joyce and the two Irelands |
| 250 ## - EDITION STATEMENT | |
| Edition statement | 1st ed. |
| 260 ## - PUBLICATION, DISTRIBUTION, ETC. (IMPRINT) | |
| Place of publication | Austin : |
| Name of publisher | University of Texas Press, |
| Year of publication | 2000. |
| 300 ## - PHYSICAL DESCRIPTION | |
| Number of Pages | xi, 220 p. |
| 490 1# - SERIES STATEMENT | |
| Series statement | Literary modernism series |
| 650 #0 - SUBJECT ADDED ENTRY--TOPICAL TERM | |
| Topical Term | Catholics in literature. |
| Topical Term | Christianity and literature |
| Topical Term | Modernism (Literature) |
| Topical Term | Nationalism in literature. |
| Topical Term | Protestants in literature. |
| 856 40 - ELECTRONIC LOCATION AND ACCESS | |
| Uniform Resource Identifier | http://site.ebrary.com/lib/rucke/Doc?id=10245807 |
No items available.
